[Event "Welper- Euskirchen"]
[Site "?"]
[Date "2023.02.19"]
[Round "5.7"]
[White "Alnafkhosh, Nashaat"]
[Black "Conrad, Joachim"]
[Result "1-0"]
[WhiteElo "1765"]
[BlackElo "2036"]
[PlyCount "53"]
[SourceVersionDate "2023.06.22"]

1. e4 d6 2. d4 Nf6 3. Nc3 e5 4. dxe5 dxe5 5. Bg5 Be7 6. Nf3 Nbd7 7. Bc4 c6 8.
Qe2 Qc7 9. a4 O-O 10. O-O a5 11. h3 Nc5 12. Bh4 Nh5 13. Bg3 Nxg3 14. fxg3 Be6
15. Bxe6 Nxe6 16. Rad1 Rad8 17. Qc4 Rxd1 18. Nxd1 Bf6 19. Nf2 g6 20. b3 Bg7 21.
Kh2 h5 22. h4 Rd8 23. Nh3 Rd7 24. Nhg5 Nxg5 25. Nxg5 Bh6 26. Rf6 Kg7 27. Rxf7+
1-0

[Event "Welper- Euskirchen"]
[Site "?"]
[Date "2023.02.19"]
[Round "5.8"]
[White "Sondermann, Dirk"]
[Black "Pfening, Richard"]
[Result "1-0"]
[WhiteElo "1828"]
[BlackElo "1535"]
[PlyCount "107"]
[SourceVersionDate "2023.06.22"]

1. d4 d5 2. Nf3 Nf6 3. c4 e6 4. Bg5 Be7 5. Nc3 Nbd7 6. e3 O-O 7. Qc2 b6 8. h4
h6 9. cxd5 exd5 10. O-O-O Bb7 11. Bxf6 Nxf6 12. Ne5 Re8 13. g4 Rc8 14. Qf5 Bd6
15. g5 Bxe5 16. dxe5 Qd7 17. Qc2 Ng4 18. gxh6 gxh6 19. Bh3 h5 20. Rhg1 Qe6 21.
Rd4 Qxe5 22. Bxg4 hxg4 23. Rdxg4+ Kf8 24. Rf4 Ke7 25. Rg5 Qe6 26. Rgf5 Rf8 27.
Qd2 Rcd8 28. Qd4 c5 29. Qg7 Qg6 30. Qe5+ Qe6 31. Qg7 Qg6 32. Rxf7+ Qxf7 33.
Rxf7+ Rxf7 34. Qg5+ Rf6 35. Ne2 Rdd6 36. Qg7+ Rf7 37. Qg5+ Kd7 38. Nf4 Kc7 39.
h5 Rff6 40. Qe5 Kc6 41. Qe8+ Kc7 42. Qe7+ Kb8 43. Ng6 Bc8 44. Qe5 Rfe6 45. Qg3
Bd7 46. Nf8 Rh6 47. Nxd7+ Kc7 48. Ne5 Rh7 49. Qf4 Kb7 50. Ng4 Rhd7 51. h6 d4
52. h7 dxe3 53. Nxe3 Rd4 54. Qf3+ 1-0

[Event "Herzogenrath- Aachen 2"]
[Site "?"]
[Date "2023.02.19"]
[Round "5.1"]
[White "Coenen, Norbert"]
[Black "Meirick, Ingo"]
[Result "1/2-1/2"]
[WhiteElo "2267"]
[BlackElo "2201"]
[PlyCount "65"]
[SourceVersionDate "2023.06.22"]

1. e4 c6 2. d4 d5 3. Nc3 dxe4 4. Nxe4 Bf5 5. Ng3 Bg6 6. h4 h6 7. Nf3 Nd7 8. h5
Bh7 9. Bd3 Bxd3 10. Qxd3 e6 11. Bf4 Qa5+ 12. Bd2 Bb4 13. c3 Be7 14. c4 Qc7 15.
O-O-O Ngf6 16. Kb1 O-O 17. Qe2 c5 18. Bc3 cxd4 19. Bxd4 Rac8 20. Rc1 Bc5 21.
Bc3 Bd6 22. Ne4 Bf4 23. Nxf6+ Nxf6 24. Bxf6 gxf6 25. Rc3 Rfd8 26. g3 Bg5 27.
Rd1 Qc5 28. Rc2 Kg7 29. a3 a5 30. Rd3 Rd6 31. Ka2 a4 32. Ne1 f5 33. f4 1/2-1/2

[Event "Herzogenrath- Aachen 2"]
[Site "?"]
[Date "2023.02.19"]
[Round "5.2"]
[White "Schreyer, Oliver"]
[Black "Lamby, Philipp"]
[Result "1-0"]
[WhiteElo "2088"]
[BlackElo "2164"]
[PlyCount "47"]
[SourceVersionDate "2023.06.22"]

1. Nf3 d5 2. d4 Nf6 3. e3 e6 4. Bd3 c5 5. b3 Nc6 6. O-O Bd6 7. Bb2 O-O 8. a3
Qc7 9. c4 dxc4 10. bxc4 b6 11. Nc3 a6 12. d5 exd5 13. Nxd5 Nxd5 14. cxd5 Ne7
15. Ng5 Bf5 16. f4 h6 17. Bxf5 Nxf5 18. Qd3 hxg5 19. Qxf5 gxf4 20. Bxg7 Qc8 21.
Qg5 f6 22. Bxf6+ Kf7 23. Qg7+ Ke8 24. exf4 1-0

[Event "Herzogenrath- Aachen 2"]
[Site "?"]
[Date "2023.02.19"]
[Round "5.3"]
[White "Huesmann, Thomas"]
[Black "Horbach, Fabian"]
[Result "1-0"]
[WhiteElo "2132"]
[BlackElo "1975"]
[PlyCount "65"]
[SourceVersionDate "2023.06.22"]

1. e4 c5 2. Nc3 Nc6 3. f4 g6 4. Nf3 Bg7 5. Bb5 d6 6. Bxc6+ bxc6 7. d3 Rb8 8.
O-O Nf6 9. Qe1 O-O 10. b3 Bg4 11. Bd2 Ne8 12. Rd1 Nc7 13. Ne2 Nb5 14. c4 Nd4
15. Nexd4 cxd4 16. h3 Bxf3 17. Rxf3 e5 18. f5 d5 19. Qg3 dxe4 20. dxe4 Kh8 21.
Rdf1 Re8 22. fxg6 fxg6 23. Rf7 Qd6 24. Bg5 d3 25. Rd1 Qd4+ 26. Qe3 Rbd8 27. Rf3
Bf8 28. Bxd8 Rxd8 29. Qxd4 exd4 30. Rdxd3 c5 31. Rf7 Re8 32. Rxa7 Rxe4 33. Rf3
1-0

[Event "Herzogenrath- Aachen 2"]
[Site "?"]
[Date "2023.02.19"]
[Round "5.4"]
[White "Haverkamp, Klaus"]
[Black "Meyer, Mario"]
[Result "0-1"]
[WhiteElo "1873"]
[BlackElo "2147"]
[PlyCount "120"]
[SourceVersionDate "2023.06.22"]

1. e4 e5 2. Nf3 Nc6 3. Bc4 Bc5 4. c3 Qe7 5. d3 Nf6 6. a4 a6 7. Nbd2 O-O 8. O-O
d6 9. Bb3 Be6 10. Nc4 Ba7 11. Ne3 Nd8 12. Ng5 Bd7 13. Qe2 h6 14. Nf3 c6 15. Nh4
Kh7 16. Nhf5 Bxf5 17. Nxf5 Qd7 18. Qf3 Ng8 19. Be3 Bxe3 20. Nxe3 Ne6 21. g3 Ng5
22. Qg2 Ne7 23. f4 Ne6 24. f5 Nc5 25. Bc2 b5 26. axb5 axb5 27. d4 Na4 28. Bb3
f6 29. Rfd1 Qc7 30. Qe2 Ra7 31. dxe5 dxe5 32. Be6 Nc5 33. Qc2 Rxa1 34. Rxa1
Nxe6 35. fxe6 Qd6 36. Qb3 Qd3 37. Ng2 Qxe4 38. Ra7 Nd5 39. Qd1 Qxg2+ 40. Kxg2
Ne3+ 41. Kf3 Nxd1 42. Rc7 Nxb2 43. g4 Re8 44. Rxc6 Nd3 45. Ke3 Nf4 46. Ke4 Rxe6
47. Rc7 Rb6 48. h4 b4 49. cxb4 Rxb4+ 50. Kf5 Nd5 51. Rd7 Rd4 52. Rb7 Ne3+ 53.
Ke6 Rxg4 54. Rb3 Ng2 55. Kf7 e4 56. h5 e3 57. Rb2 Nf4 58. Rb4 Nd3 59. Rb3 Rd4
60. Rb7 Rd7+ 0-1

[Event "Herzogenrath- Aachen 2"]
[Site "?"]
[Date "2023.02.19"]
[Round "5.5"]
[White "Weinkauf, Viktor"]
[Black "Arns, Danny"]
[Result "1-0"]
[WhiteElo "1986"]
[BlackElo "1853"]
[Annotator "daniel"]
[PlyCount "71"]
[SourceVersionDate "2023.06.22"]

1. d4 d5 2. c4 e6 3. Nc3 Nf6 4. cxd5 exd5 5. Bg5 Be7 6. e3 O-O 7. Bd3 c6 8.
Nge2 Re8 9. O-O Nbd7 10. Qc2 Nf8 11. Rfb1 Ng4 12. Bf4 Bd6 13. h3 Bxf4 14. Nxf4
Nf6 15. b4 g5 16. Nfe2 a6 17. a4 g4 18. h4 Ne4 $11 19. Bxe4 dxe4 20. g3 Bf5 21.
b5 cxb5 22. axb5 a5 23. b6 Bd7 24. Nb5 Bxb5 25. Rxb5 Re6 26. Raxa5 Rxa5 27.
Rxa5 Qxb6 28. Rg5+ Rg6 29. Qxe4 Rxg5 30. hxg5 Qa5 31. Nf4 Qxg5 32. Qxb7 Ne6 33.
Nxe6 fxe6 34. Qc8+ Kg7 35. Qd7+ Kf8 36. Qxe6 1-0

[Event "Herzogenrath- Aachen 2"]
[Site "?"]
[Date "2023.02.19"]
[Round "5.6"]
[White "Schmitt, Lars"]
[Black "Winkels, Marcel"]
[Result "1/2-1/2"]
[WhiteElo "1813"]
[BlackElo "1957"]
[PlyCount "56"]
[SourceVersionDate "2023.06.22"]

1. d4 Nf6 2. c4 g6 3. Nc3 d5 4. e3 Bg7 5. Qb3 e6 6. Qa3 Bf8 7. Qb3 c6 8. Nf3
Nbd7 9. cxd5 exd5 10. Be2 Bd6 11. O-O O-O 12. a4 Re8 13. a5 a6 14. Bd2 Qc7 15.
Na4 Ne4 16. Bb4 Rb8 17. Bxd6 Qxd6 18. Nb6 Nxb6 19. Qxb6 Bg4 20. Rfd1 Qe7 21. h3
Nxf2 22. Kxf2 Qxe3+ 23. Kg3 Re4 24. hxg4 Qf4+ 25. Kf2 Qe3+ 26. Kg3 Qf4+ 27. Kf2
Qe3+ 28. Kg3 Qf4+ 1/2-1/2

[Event "Herzogenrath- Aachen 2"]
[Site "?"]
[Date "2023.02.19"]
[Round "5.7"]
[White "Breitkopf- Lazar, Patrick"]
[Black "Weyer, Hans- Juergen"]
[Result "1/2-1/2"]
[WhiteElo "1700"]
[BlackElo "1845"]
[PlyCount "56"]
[SourceVersionDate "2023.06.22"]

1. e4 e6 2. d4 d5 3. Nc3 Bb4 4. e5 c5 5. Bd2 Bd7 6. a3 cxd4 7. axb4 dxc3 8.
Bxc3 Ne7 9. Nf3 O-O 10. Bd3 h6 11. h4 Na6 12. Qe2 Nc7 13. h5 a6 14. g4 Bb5 15.
O-O-O Kh8 16. Rdg1 Bxd3 17. Qxd3 Nb5 18. Bd2 Qc7 19. g5 Nf5 20. gxh6 gxh6 21.
Kb1 Rg8 22. Bf4 Rxg1+ 23. Rxg1 Rg8 24. Rxg8+ Kxg8 25. c3 Qc6 26. Nh4 Nxh4 27.
Qg3+ Kh7 28. Qxh4 Qc4 1/2-1/2

[Event "Herzogenrath- Aachen 2"]
[Site "?"]
[Date "2023.02.19"]
[Round "5.8"]
[White "Klisanin, Dragan- Mirko"]
[Black "Rache, Ralf"]
[Result "1-0"]
[WhiteElo "1939"]
[BlackElo "1931"]
[PlyCount "85"]
[SourceVersionDate "2023.06.22"]

1. c4 Nf6 2. d4 g6 3. Nc3 d5 4. cxd5 Nxd5 5. e4 Nxc3 6. bxc3 Bg7 7. Bc4 c5 8.
Ne2 O-O 9. O-O Nc6 10. Be3 Qc7 11. Qc1 Na5 12. Bd3 Rd8 13. Rb1 b6 14. d5 c4 15.
Bc2 e6 16. Bg5 f6 17. Bf4 Qf7 18. dxe6 Bxe6 19. Nd4 Bd7 20. Qe3 Nb7 21. Qg3 Nc5
22. Bd6 Ne6 23. f4 Bf8 24. Nf5 Kh8 25. Bxf8 Qxf8 26. Ne3 Qg7 27. Nxc4 Rac8 28.
Nd6 Rc6 29. e5 Nd4 30. cxd4 Rxc2 31. Qb3 Ba4 32. Qxa4 Rc7 33. Rbc1 Rcd7 34. Qc4
Qe7 35. Rfd1 Kg7 36. Ne4 fxe5 37. fxe5 Qh4 38. Nd6 Qg5 39. Rc3 Rf8 40. Rf1 Qg4
41. Rxf8 Kxf8 42. Rf3+ Kg7 43. Nf5+ 1-0

[Event "Lasker Köln 2- KKS 2"]
[Site "?"]
[Date "2023.02.19"]
[Round "5.1"]
[White "Raasch, Joerg"]
[Black "Mandt, Mathias"]
[Result "1-0"]
[WhiteElo "2287"]
[BlackElo "2121"]
[PlyCount "25"]
[SourceVersionDate "2023.06.22"]

1. Nf3 Nf6 2. c4 c6 3. Nc3 d5 4. cxd5 cxd5 5. d4 Nc6 6. Bf4 a6 7. e3 Bf5 8. Ne5
Qb6 9. Nxc6 bxc6 10. Qb3 Nd7 11. Be2 e6 12. O-O c5 13. Nxd5 1-0

[Event "Lasker Köln 2- KKS 2"]
[Site "?"]
[Date "2023.02.19"]
[Round "5.2"]
[White "Di Franco, Patricio"]
[Black "Langner, Jasper"]
[Result "1/2-1/2"]
[WhiteElo "2041"]
[BlackElo "1980"]
[PlyCount "28"]
[SourceVersionDate "2023.06.22"]

1. d4 Nf6 2. c4 e6 3. g3 d5 4. Bg2 Bb4+ 5. Nd2 O-O 6. Ngf3 dxc4 7. O-O b5 8. a4
c6 9. Qc2 Bb7 10. b3 cxb3 11. Qxb3 a5 12. Rd1 Qb6 13. Bb2 Nbd7 14. h3 Rac8
1/2-1/2

[Event "Lasker Köln 2- KKS 2"]
[Site "?"]
[Date "2023.02.19"]
[Round "5.3"]
[White "Schwibbert, Jonas"]
[Black "Diesner, Michael"]
[Result "1/2-1/2"]
[WhiteElo "2041"]
[BlackElo "2008"]
[Annotator "daniel"]
[PlyCount "73"]
[SourceVersionDate "2023.06.22"]

1. e4 c5 2. Nf3 d6 3. Bb5+ Bd7 4. Bxd7+ Nxd7 5. c4 Ngf6 6. Nc3 Rc8 7. O-O g6 8.
b3 Qa5 9. Bb2 Bg7 10. Nd5 e6 11. Nxf6+ Bxf6 $11 12. Bxf6 Nxf6 13. d4 Nxe4 14.
Qe2 f5 15. dxc5 dxc5 16. Rad1 Ke7 17. Qe3 Qc3 18. Qh6 Qf6 19. h4 g5 20. Qxf6+
Kxf6 21. hxg5+ Ke7 22. Ne5 Rhd8 23. f4 Nd2 24. Rfe1 Rd4 25. Kh1 Rcd8 26. g3 Ne4
27. Rxd4 Rxd4 28. Kg2 Rd2+ 29. Kf3 Rxa2 30. Rh1 Rb2 31. Rxh7+ Kf8 32. Rxb7 a5
33. Rb8+ Kg7 34. Rb7+ Kg8 35. Rb8+ Kg7 36. Rb7+ Kg8 37. Rb8+ 1/2-1/2

[Event "Lasker Köln 2- KKS 2"]
[Site "?"]
[Date "2023.02.19"]
[Round "5.4"]
[White "Rosenkraenzer, Torsten"]
[Black "Klemenz, Luca"]
[Result "0-1"]
[WhiteElo "2040"]
[BlackElo "1908"]
[PlyCount "46"]
[SourceVersionDate "2023.06.22"]

1. d4 Nf6 2. c4 e6 3. Nc3 Bb4 4. f3 c5 5. d5 b5 6. e4 d6 7. Bg5 h6 8. Bd2 a6 9.
Bd3 Nbd7 10. f4 bxc4 11. Bxc4 Nb6 12. Qe2 Nxc4 13. Qxc4 exd5 14. Nxd5 Bxd2+ 15.
Kxd2 O-O 16. Ne2 Nxd5 17. exd5 Rb8 18. b3 Rb4 19. Qc2 Re8 20. Rae1 Rbe4 21. Nc3
Rxf4 22. Rhf1 Rxf1 23. Rxf1 Qg5+ 0-1

[Event "Lasker Köln 2- KKS 2"]
[Site "?"]
[Date "2023.02.19"]
[Round "5.5"]
[White "Meertens, Martin"]
[Black "Senay, Baris"]
[Result "0-1"]
[WhiteElo "2098"]
[BlackElo "1976"]
[Annotator "daniel"]
[PlyCount "62"]
[SourceVersionDate "2023.06.22"]

1. e4 c5 2. Nf3 d6 3. d4 cxd4 4. Nxd4 Nf6 5. Nc3 a6 6. Bg5 Nbd7 7. f4 Qc7 8. g4
b5 9. Bg2 Bb7 10. Qe2 Rc8 11. Bxf6 Nxf6 12. Rd1 e5 13. Nf5 g6 14. Ne3 exf4 15.
Ned5 Nxd5 16. exd5+ Be7 17. O-O O-O 18. Rxf4 $11 b4 19. Na4 a5 20. b3 Bg5 21.
Rc4 Ba6 22. Nb2 Qa7+ 23. Kh1 Bf6 24. Nd3 Bxc4 25. bxc4 Rxc4 26. Ne5 Rc3 27. Nc6
Qc5 28. Rf1 Rxc2 29. Qf3 Bh4 30. g5 Bxg5 31. Bh3 Rc1 0-1

[Event "Lasker Köln 2- KKS 2"]
[Site "?"]
[Date "2023.02.19"]
[Round "5.6"]
[White "Glaser, Steffen"]
[Black "Hendrix, Joachim"]
[Result "0-1"]
[WhiteElo "1965"]
[BlackElo "1953"]
[PlyCount "74"]
[SourceVersionDate "2023.06.22"]

1. e4 d6 2. d4 g6 3. Nc3 Bg7 4. Be3 a6 5. Be2 Nc6 6. Qd2 e5 7. d5 Nd4 8. f4 c5
9. dxc6 bxc6 10. Bc4 Qb6 11. O-O-O Qb4 12. Bb3 Ne7 13. Nf3 Bg4 14. Bxd4 exd4
15. Ne2 Qxd2+ 16. Rxd2 c5 17. c3 dxc3 18. Nxc3 Bxf3 19. gxf3 Bd4 20. Kc2 O-O
21. Ne2 Nc6 22. Kb1 Rac8 23. Bd5 Be3 24. Rd3 Bf2 25. Bxc6 Rxc6 26. Rhd1 c4 27.
Rxd6 Rc5 28. Rxa6 Rh5 29. Rc6 Rxh2 30. Rxc4 Be3 31. Rc2 Rf2 32. Ng1 Rxc2 33.
Kxc2 Rc8+ 34. Kd3 Rd8+ 35. Kxe3 Rxd1 36. Ne2 Rb1 37. b3 h5 0-1

[Event "Lasker Köln 2- KKS 2"]
[Site "?"]
[Date "2023.02.19"]
[Round "5.7"]
[White "Goldenstein, Arnd"]
[Black "Wolters, Michael"]
[Result "1-0"]
[WhiteElo "1905"]
[BlackElo "1605"]
[PlyCount "39"]
[SourceVersionDate "2023.06.22"]

1. d4 Nf6 2. c4 e6 3. Nc3 d5 4. Bg5 Be7 5. e3 O-O 6. Nf3 Nbd7 7. Rc1 h6 8. Bh4
Re8 9. Bd3 dxc4 10. Bxc4 c5 11. O-O cxd4 12. Nxd4 Ne5 13. Bb5 Bd7 14. Qb3 Ng6
15. Bg3 Nh5 16. Rfd1 Nxg3 17. hxg3 Bf6 18. Nxe6 Rxe6 19. Rxd7 Qc8 20. Ne2 1-0

[Event "Lasker Köln 2- KKS 2"]
[Site "?"]
[Date "2023.02.19"]
[Round "5.8"]
[White "Kuehn, Matthias"]
[Black "Graf, Peter"]
[Result "1/2-1/2"]
[WhiteElo "1936"]
[BlackElo "1881"]
[PlyCount "80"]
[SourceVersionDate "2023.06.22"]

1. e4 c5 2. Nc3 g6 3. f4 Bg7 4. Nf3 Nc6 5. g3 b6 6. Bg2 Bb7 7. O-O e6 8. d3
Nge7 9. Ne2 O-O 10. c3 d5 11. Qc2 Rc8 12. g4 f5 13. gxf5 gxf5 14. Ng3 Qd7 15.
Bd2 Kh8 16. Rae1 dxe4 17. dxe4 Ba6 18. Rf2 Bd3 19. Qc1 c4 20. Ng5 h6 21. exf5
hxg5 22. fxe6 Qe8 23. Be4 Nd8 24. f5 Bxe4 25. Rxe4 Rc5 26. Bxg5 Rcxf5 27. Nxf5
Rxf5 28. Rg2 Re5 29. Rh4+ Kg8 30. Bf6 Ng6 31. Bxe5 Nxe5 32. Qh6 Nf3+ 33. Kf2
Nxe6 34. Kxf3 Qc6+ 35. Re4 Nd4+ 36. cxd4 Qxh6 37. Reg4 Qc6+ 38. Ke2 Qe6+ 39.
Kd1 Qf5 40. Rxg7+ Kf8 1/2-1/2

[Event "Bochum 2- Düsseldorf 2"]
[Site "?"]
[Date "2023.02.19"]
[Round "5.1"]
[White "Harff, Marcel"]
[Black "Kraemer, Matthias"]
[Result "0-1"]
[WhiteElo "2327"]
[BlackElo "2226"]
[PlyCount "106"]
[SourceVersionDate "2023.06.22"]

1. c4 e5 2. Nc3 d6 3. e3 g6 4. d4 Bg7 5. dxe5 Bxe5 6. Bd2 Bg7 7. Nf3 Nf6 8. Be2
O-O 9. O-O Nbd7 10. Nd4 Re8 11. Qc2 Nc5 12. Rad1 a5 13. b3 Qe7 14. Bc1 c6 15.
Rfe1 Bd7 16. Bb2 h5 17. a3 Ng4 18. Bf1 Qe5 19. Nf3 Qf5 20. Qxf5 Bxf5 21. b4
axb4 22. axb4 Bxc3 23. Bxc3 Ne4 24. Ba1 Ngxf2 25. Rc1 Ra3 26. Nd4 Nd3 27. Bxd3
Rxd3 28. Nxf5 gxf5 29. Rf1 d5 30. cxd5 Rxd5 31. Bd4 Kh7 32. Rf4 Kg6 33. h3 Nd6
34. Rcf1 Re4 35. R4f3 Nb5 36. Rg3+ Kh6 37. Bg7+ Kh7 38. Bf6 Nd6 39. Rg7+ Kh6
40. Rg8 Re8 41. Rxe8 Nxe8 42. Be7 Kg6 43. Ra1 Nf6 44. Bc5 Ne4 45. Bd4 f4 46.
Ra8 fxe3 47. Bxe3 Rb5 48. Rg8+ Kh7 49. Rf8 Kg7 50. Rd8 Rxb4 51. Bd4+ Kg6 52. g4
hxg4 53. hxg4 Kg5 0-1

[Event "Bochum 2- Düsseldorf 2"]
[Site "?"]
[Date "2023.02.19"]
[Round "5.2"]
[White "Wolter, Detlef"]
[Black "Hainke, Guntram"]
[Result "1-0"]
[WhiteElo "2178"]
[BlackElo "2280"]
[PlyCount "95"]
[SourceVersionDate "2023.06.22"]

1. d4 Nf6 2. Bg5 e6 3. Nd2 h6 4. Bh4 d5 5. e3 c5 6. c3 Nbd7 7. f4 Be7 8. Bd3 b6
9. Ngf3 Bb7 10. Ne5 O-O 11. O-O Ne4 12. Bxe7 Qxe7 13. Nxd7 Qxd7 14. Nxe4 dxe4
15. Be2 Rfd8 16. Qb3 Bd5 17. Qa3 c4 18. Qa6 Rdc8 19. a4 Rab8 20. Rfb1 Qc7 21.
Qb5 Qb7 22. Qb4 a6 23. Ra2 Rc6 24. Rf1 Qc7 25. Rfa1 g6 26. Bf1 Kg7 27. Be2 Qd8
28. Ra3 b5 29. a5 Rc7 30. Rc1 f5 31. Raa1 g5 32. Rf1 Kg6 33. g4 Qe7 34. Rac1
Rbc8 35. Qa3 Rb7 36. Qb4 Rf8 37. h3 fxg4 38. fxg5 Rxf1+ 39. Rxf1 Qxg5 40. Rf4
h5 41. hxg4 Kh7 42. Qd6 Rg7 43. Kf1 Qh4 44. Qf8 hxg4 45. Bxg4 Qg3 46. Qe8 Qxe3
47. Qh5+ Kg8 48. Bxe6+ 1-0

[Event "Bochum 2- Düsseldorf 2"]
[Site "?"]
[Date "2023.02.19"]
[Round "5.3"]
[White "Buscher, Michael"]
[Black "Spiess, Timo"]
[Result "1/2-1/2"]
[WhiteElo "2324"]
[BlackElo "2196"]
[PlyCount "32"]
[SourceVersionDate "2023.06.22"]

1. Nf3 d6 2. g3 e5 3. d3 f5 4. Bg2 Nf6 5. c4 g6 6. Nc3 Bg7 7. O-O O-O 8. Rb1
Nc6 9. b4 h6 10. b5 Ne7 11. c5 Be6 12. Ba3 g5 13. Qa4 Ng6 14. cxd6 cxd6 15. Nd2
Rf7 16. Rfc1 h5 1/2-1/2

[Event "Bochum 2- Düsseldorf 2"]
[Site "?"]
[Date "2023.02.19"]
[Round "5.4"]
[White "Goralski, Christian"]
[Black "Mueller, Michael"]
[Result "0-1"]
[WhiteElo "2143"]
[BlackElo "2192"]
[PlyCount "76"]
[SourceVersionDate "2023.06.22"]

1. e4 e6 2. d4 d5 3. Nd2 dxe4 4. Nxe4 Bd7 5. Nf3 Bc6 6. Bd3 Nd7 7. O-O Be7 8.
Ne5 Bxe4 9. Bxe4 c6 10. c3 Ngf6 11. Bc2 Nxe5 12. dxe5 Qxd1 13. Rxd1 Nd7 14. Bf4
g5 15. Bg3 h5 16. h3 h4 17. Bh2 O-O-O 18. c4 Bf8 19. Rd4 Nb6 20. Rxd8+ Kxd8 21.
b3 Bg7 22. Re1 Ke7 23. f4 Rd8 24. Re2 Bh6 25. Kf2 Rd4 26. Kf3 Nd7 27. Kg4 gxf4
28. Kh5 Bg7 29. Bg1 f3 30. gxf3 Rf4 31. Be4 Bxe5 32. Be3 Nf6+ 33. Kh6 Nxe4 34.
fxe4 Rf3 35. Bc5+ Bd6 36. Bxa7 Rxh3 37. e5 Ba3 38. Be3 Rxe3 0-1

[Event "Bochum 2- Düsseldorf 2"]
[Site "?"]
[Date "2023.02.19"]
[Round "5.5"]
[White "Berndt, Axel"]
[Black "Hinkmann, Jens"]
[Result "1-0"]
[WhiteElo "2145"]
[BlackElo "2088"]
[Annotator "daniel"]
[PlyCount "75"]
[SourceVersionDate "2023.06.22"]

1. e4 e5 2. Nf3 Nc6 3. d4 exd4 4. Nxd4 Bc5 5. Be3 Qf6 6. c3 Nge7 7. Bc4 Ne5 8.
Be2 Qg6 9. O-O d6 10. f4 Qxe4 11. Bf2 N5c6 12. Bd3 Qd5 13. Nb5 Bxf2+ 14. Rxf2
Kd8 15. c4 Qc5 $11 16. a3 a6 17. b4 Qe3 18. N5c3 Bg4 19. Qf1 Bf5 20. Bxf5 Nxf5
21. Nd5 Qd4 22. Nbc3 Ne3 23. Nxe3 Qxe3 24. Nd5 Qa7 25. c5 Re8 26. Qd3 Re6 27.
Qxh7 Ne7 28. Nxe7 Kxe7 29. Qxg7 Re8 30. f5 Re5 31. f6+ Kd8 32. Qxf7 Kc8 33. Qg6
dxc5 34. f7 Re1+ 35. Rf1 cxb4+ 36. Kh1 Rxf1+ 37. Rxf1 Rf8 38. Qe6+ 1-0

[Event "Bochum 2- Düsseldorf 2"]
[Site "?"]
[Date "2023.02.19"]
[Round "5.6"]
[White "Peters, Michael"]
[Black "Partenheimer, Axel"]
[Result "1/2-1/2"]
[WhiteElo "1990"]
[BlackElo "2124"]
[PlyCount "36"]
[SourceVersionDate "2023.06.22"]

1. d4 d5 2. c4 c6 3. cxd5 cxd5 4. Nc3 Nf6 5. Bf4 Nc6 6. e3 a6 7. Bd3 Bg4 8. Nf3
e6 9. O-O Bd6 10. Bxd6 Qxd6 11. h3 Bxf3 12. Qxf3 b5 13. Rfd1 O-O 14. Rac1 Rac8
15. Bb1 Rfd8 16. Kh1 Na5 17. Qe2 Nc4 18. Bd3 Rc7 1/2-1/2

[Event "Bochum 2- Düsseldorf 2"]
[Site "?"]
[Date "2023.02.19"]
[Round "5.8"]
[White "Bautz, Volker"]
[Black "Rudolph, Eva"]
[Result "0-1"]
[WhiteElo "1693"]
[BlackElo "1796"]
[PlyCount "86"]
[SourceVersionDate "2023.06.22"]

1. d4 Nf6 2. Nc3 d5 3. Bg5 e6 4. e4 dxe4 5. Bxf6 Qxf6 6. Nxe4 Qd8 7. Nf3 Be7 8.
Bd3 Nd7 9. Qe2 c5 10. dxc5 Nxc5 11. Nxc5 Qa5+ 12. c3 Qxc5 13. Bb5+ Bd7 14.
Bxd7+ Kxd7 15. Rd1+ Ke8 16. O-O Bf6 17. Rd2 Ke7 18. Qe4 Qb6 19. c4 Rac8 20. b3
h6 21. Rc1 Rhd8 22. Rxd8 Rxd8 23. g3 Qc7 24. Kg2 Qd7 25. Rc2 Qc6 26. Qxc6 bxc6
27. Rd2 Rd6 28. Kf1 Bc3 29. Rc2 Ba1 30. Ke2 f5 31. Ne1 Kf6 32. Nd3 e5 33. Nb4
Bd4 34. f3 e4 35. fxe4 fxe4 36. Rc1 Ke5 37. Rf1 Bc3 38. a3 a5 39. Na6 Rd2+ 40.
Ke3 Rd3+ 41. Ke2 Rd2+ 42. Ke3 Rxh2 43. Rd1 Rg2 0-1

[Event "Wattenscheid 2- Borbeck"]
[Site "?"]
[Date "2023.02.19"]
[Round "5.1"]
[White "Loyen, Egbert"]
[Black "Schroeder, Wilfried"]
[Result "1/2-1/2"]
[WhiteElo "2196"]
[BlackElo "2192"]
[PlyCount "49"]
[SourceVersionDate "2023.06.22"]

1. e4 c6 2. d4 d5 3. e5 Bf5 4. Nd2 e6 5. Nb3 Nd7 6. Nf3 Ne7 7. Be2 h6 8. O-O
Qc7 9. a4 a5 10. Bd2 g5 11. Ne1 Bg7 12. Nd3 O-O 13. Rc1 b6 14. Be3 f6 15. exf6
Bxf6 16. c4 e5 17. cxd5 Nxd5 18. dxe5 Nxe5 19. Nd4 Qd7 20. Nxf5 Qxf5 21. Nxe5
Qxe5 22. Rxc6 Nxe3 23. fxe3 Qxe3+ 24. Kh1 Bg7 25. Bc4+ 1/2-1/2

[Event "Wattenscheid 2- Borbeck"]
[Site "?"]
[Date "2023.02.19"]
[Round "5.2"]
[White "Peter, Thomas"]
[Black "Hillenbrand, Michael"]
[Result "0-1"]
[WhiteElo "2227"]
[BlackElo "2154"]
[PlyCount "98"]
[SourceVersionDate "2023.06.22"]

1. e4 g6 2. d4 Bg7 3. Nf3 d6 4. Nc3 a6 5. Be2 b5 6. a3 Bb7 7. h3 Nd7 8. O-O c5
9. Be3 cxd4 10. Bxd4 Ngf6 11. e5 dxe5 12. Nxe5 Nxe5 13. Bxe5 O-O 14. Qxd8 Rfxd8
15. Rad1 Ne8 16. Bxg7 Kxg7 17. Rd3 Rxd3 18. Bxd3 Nd6 19. Re1 Kf6 20. f4 Rc8 21.
g4 e6 22. a4 b4 23. Na2 a5 24. Nc1 Bd5 25. b3 Nb7 26. Ne2 Nc5 27. Bb5 Be4 28.
Nd4 Rd8 29. Rd1 Rd6 30. Rd2 g5 31. Nf3 Rxd2 32. fxg5+ Kg6 33. Nxd2 Bxc2 34. h4
Nxb3 35. Bd3+ Bxd3 36. Nxb3 Bc2 37. Nxa5 Bxa4 38. Kf2 Bd1 39. Nc6 b3 40. Ne5+
Kg7 41. Nc4 Bxg4 42. Ke3 f6 43. Kf4 Be2 44. Nb2 Kg6 45. gxf6 Kxf6 46. Ke3 Bb5
47. Kd4 Bc6 48. Kc3 Bd5 49. Nd3 Kf5 0-1

[Event "Wattenscheid 2- Borbeck"]
[Site "?"]
[Date "2023.02.19"]
[Round "5.3"]
[White "Korste, Sebastian"]
[Black "Schlehoefer, Ralf"]
[Result "1/2-1/2"]
[WhiteElo "1994"]
[BlackElo "2211"]
[PlyCount "157"]
[SourceVersionDate "2023.06.22"]

1. d4 Nf6 2. c4 e6 3. Nc3 d5 4. cxd5 exd5 5. Bg5 Be7 6. e3 O-O 7. Bd3 Nbd7 8.
Nf3 c6 9. O-O Re8 10. Qc2 h6 11. Bf4 b6 12. Nb5 Ba6 13. Nc7 Bxd3 14. Qxd3 Nh5
15. Nxe8 Nxf4 16. exf4 Qxe8 17. Rfe1 Nf6 18. a3 c5 19. Re2 Qd7 20. Ne5 Qc7 21.
Rc1 c4 22. Qf5 Bf8 23. g4 Qc8 24. Qxc8 Rxc8 25. f3 b5 26. Kf2 a5 27. Kg3 Bd6
28. g5 Nh7 29. h4 f6 30. gxf6 Nxf6 31. Rg2 Rf8 32. f5 Ne8 33. Kg4 h5+ 34. Kxh5
Bxe5 35. dxe5 Rxf5+ 36. Kg4 Rxe5 37. Kf4 Re7 38. Rd1 Nf6 39. Kf5 Re3 40. Kf4
Re6 41. Kf5 Re7 42. h5 Kf7 43. Rg6 Re3 44. f4 Rh3 45. Rxf6+ gxf6 46. Rxd5 Rh2
47. Rd7+ Ke8 48. Ra7 Rxh5+ 49. Ke6 Kf8 50. Rxa5 Rc5 51. a4 Rc6+ 52. Kd5 c3 53.
bxc3 Rxc3 54. axb5 Rb3 55. Ke6 Kg7 56. Ra7+ Kg6 57. f5+ Kg5 58. Rg7+ Kh6 59.
Rg6+ Kh7 60. Kxf6 Rxb5 61. Rg1 Rb6+ 62. Kg5 Kg7 63. Rc1 Rb7 64. Rc6 Ra7 65.
Rg6+ Kf7 66. Rh6 Kg7 67. f6+ Kg8 68. Kg6 Rg7+ 69. Kf5 Ra7 70. Rh1 Ra2 71. Rg1+
Kf7 72. Rg7+ Kf8 73. Rg4 Rf2+ 74. Kg6 Rf1 75. Rg5 Rh1 76. Rg2 Rf1 77. Rg5 Rf2
78. Rg1 Rh2 79. Rg5 1/2-1/2

[Event "Wattenscheid 2- Borbeck"]
[Site "?"]
[Date "2023.02.19"]
[Round "5.4"]
[White "Lang, Daniel"]
[Black "Dewenter, Ulf"]
[Result "0-1"]
[WhiteElo "2128"]
[BlackElo "2122"]
[PlyCount "32"]
[SourceVersionDate "2023.06.22"]

1. d4 d5 2. c4 e6 3. Nc3 c6 4. e3 Bd6 5. e4 dxe4 6. Nxe4 Bb4+ 7. Bd2 Qxd4 8.
Bxb4 Qxe4+ 9. Be2 Qxg2 10. Qd6 Nd7 11. O-O-O a5 12. Bc5 Qg5+ 13. Be3 Qe7 14.
Qg3 f5 15. Bf4 Ngf6 16. Bf3 e5 0-1

[Event "Wattenscheid 2- Borbeck"]
[Site "?"]
[Date "2023.02.19"]
[Round "5.5"]
[White "Klasmeier, Jens"]
[Black "Gohla, Ulf"]
[Result "1/2-1/2"]
[WhiteElo "2104"]
[BlackElo "2053"]
[PlyCount "45"]
[SourceVersionDate "2023.06.22"]

1. e4 e5 2. Nf3 Nc6 3. Nc3 Nf6 4. d4 exd4 5. Nd5 Nxd5 6. exd5 Bb4+ 7. Bd2 Qe7+
8. Qe2 Bxd2+ 9. Kxd2 Qxe2+ 10. Bxe2 Nb8 11. Nxd4 d6 12. Bb5+ Bd7 13. Rhe1+ Kd8
14. Bd3 g6 15. Re3 Re8 16. Rae1 Rxe3 17. Rxe3 a6 18. a3 c6 19. c4 Be8 20. g4
cxd5 21. Rh3 Nd7 22. g5 Rc8 23. Rxh7 1/2-1/2